Transparentnosť rozpočtovania vo väzbe na spoločensky zodpovedné podnikanie

Zostavenie a prezentovanie rozpočtu a spôsob ako dosiahnuť plánované ciele. Zapojenie zamestnancov do tvorby rozpočtov a spätná väzba ako podklad pre zlepšenie procesu rozpočtovania. Zodpovedné správanie zo strany podniku. Transparentnosť plánovaných ako aj realizovaných krokov.

Guardado en:
Detalles Bibliográficos
Autor principal: Šagátová, Slavka, 1975-
Formato: Capítulo de libro
Lenguaje:eslovaco
Materias:
Etiquetas: Agregar Etiqueta
Sin Etiquetas, Sea el primero en etiquetar este registro!

MARC

LEADER 00000naa$a2200000$$$4500
001 0144517
005 20240502072606.7
041 0 |a slo 
044 |a SK 
245 1 0 |a Transparentnosť rozpočtovania vo väzbe na spoločensky zodpovedné podnikanie  |c Slávka Šagátová 
520 |a Zostavenie a prezentovanie rozpočtu a spôsob ako dosiahnuť plánované ciele. Zapojenie zamestnancov do tvorby rozpočtov a spätná väzba ako podklad pre zlepšenie procesu rozpočtovania. Zodpovedné správanie zo strany podniku. Transparentnosť plánovaných ako aj realizovaných krokov. 
610 2 0 |a podnik 
610 2 0 |a podnikanie zodpovedné 
610 2 0 |a stratégia podnikateľská 
610 2 0 |a rozpočet podnikový 
610 2 0 |a rozpočtovanie 
610 2 0 |a riadenie podľa cieľov 
610 2 0 |a transparentnosť 
610 2 0 |a zodpovednosť spoločenská 
100 1 |a Šagátová, Slavka, 1975-